000 00964cam a2200265 i 4500
001 16171
003 DO-SdUEMH
005 20260114151711.0
007 ta
008 211105s2000 dr a||||r|||| 000 0 spa|d
040 _aDO-SdUEMH
_bspa
_erda
041 _aspa
082 1 4 _mRD
_aRD307.76729382 R426P
_bR426p
084 _b08-01031
100 _aCorral, Julio C.
_eaut
245 1 0 _aLineamientos de políticas de desarrollo urbano para la ciudad de san pedro de Macorís /
_cJulio C. Corral, Rosa A. María, Marcos A. colaboración: Yanilda Rengifo; prólogo: Mercedes Sabater de Macarrulla
260 _c2000
264 0 1 _aSantiago de los Caballeros :
_bConsejo Nacional de Asuntos Urbanos/Centro de Estudios Urbanos y Regionales (PUCMM),
_c2000
300 _a240 páginas :
_bilustraciones ;
_c27 cm.
336 _2rdacontent
_atexto
_btxt
337 _2rdamedia
_asin mediación
_bn
338 _2rdacarrier
_avolumen
_bnc
942 _2ddc
_cBK
_n0
999 _c16171
_d16171